| 000 | 00877nam a22002177a 4500 | ||
|---|---|---|---|
| 003 | UA-OsUOA | ||
| 001 | 39568 | ||
| 007 | ta | ||
| 008 | 20080505b un ||||| |||| 00| 0 ukr d | ||
| 090 |
_a050 _bМ71 |
||
| 942 | _cMG | ||
| 040 |
_aUA-OsUOA _bukr _cUA-OsUOA _dUA-OsUOA |
||
| 245 |
_aМій Приятель (Дитячий журнал) _b1949: 3, 4, 6-12; 1950: 3-10; 1951: 1-10; 1952: 1-10; 1953: 1-10; 1954: 1-10; 1955: 1-10; 1956: 1-10; 1957: 1-10; 1958: 1-10; 1959: 1-10; 1960: 1-10; 1961: 1-10; 1962: 1-10; 1963: 1-10; 1964:1-10 |
||
| 955 | _a4 | ||
| 041 | _aukr | ||
| 080 | _a050 | ||
| 260 | _aВінніпег | ||
| 310 | _a1965: 1-10; 1966: 4-10; 1967: 1-6 | ||
| 650 | 7 |
_a050 Серійні публікації. Періодика галузі, Організація та інші типи поєднання (співробітництва) _2UDC |
|
| 999 |
_c438081 _d438081 |
||